000 00298nam a22001337a 4500
008 180921b xxu||||| |||| 00| 0 eng d
020 _a9780073130828
041 _aeng
080 _a336
100 _a56
101 _aFIN
245 _aPrinciples of Corporate Finance
_cBrealey
942 _2udc
_cBK
999 _c48193
_d48193